İletişim özgürlüğü paneli/ (Record no. 40164)
| 000 -BAŞLIK | |
|---|---|
| Sabit Uzunluktaki Kontrol Alanı | 01516nam a22003497a 4500 |
| 001 - KONTROL NUMARASI | |
| Control Dosyası | 0040287 |
| 003 - KONTROL NUMARASI KİMLİĞİ | |
| Kontrol Alanı | KOHA_MİRAKIL |
| 005 - EN SON İŞLEM TARİHİ ve ZAMANI | |
| Kontrol Alanı | 20260207003157.0 |
| 007 - FİZİKSEL TANIM SABİT ALAN - GENEL BİLGİ | |
| Sabit uzunluklu kontrol alanı | ta |
| 008 - SABİT UZUNLUKTAKİ VERİ ÖGELERİ - GENEL BİLGİ | |
| Sabit Alan | 130510b2012 tu a|||gro|||#1|||1|tur | |
| 020 ## - ISBN - ULUSLARARASI STANDART KİTAP NUMARASI | |
| Isbn | 9786050102727 |
| 040 ## - KATALOGLAMA KAYNAĞI | |
| Özgün Kataloglama Kurumu | TR-BiSEU |
| Kataloglama Dili | tur |
| Çeviri Kurumu | TR-BiSEU |
| Açıklama Kuralları | rda |
| 041 0# - DİL KODU | |
| Metin ya da ses kaydının dil kodu | tur |
| 044 ## - YAYINLAYAN/ÜRETEN KURULUŞUN ÜLKE KODU | |
| ISO country code | tu |
| 050 ## - SINIFLAMA ve YER NUMARASI | |
| Sınıflama Numarası | P95.82.T9 |
| Yer Numarası | I44 2012 |
| 245 1# - ESER ADI BİLDİRİMİ | |
| Başlık | İletişim özgürlüğü paneli/ |
| Sorumluluk Bildirimi | panel yöneticisi Cengiz Göltaş. |
| 250 ## - BASIM BİLDİRİMİ | |
| Basım Bildirimi | 1st ed. |
| 264 #1 - ÜRERİM, YAYIN, DAĞITIM ve TELİF BİLDİRİMİ | |
| Yayın yeri | Diyarbakır : |
| Yayınlayan | TMMOB Elektrik Mühendisleri Odası Diyarbakır Şubesi |
| Yayın tarihi | 2012 |
| 300 ## - FİZİKSEL TANIMLAMA | |
| Sayfa, Cilt vb. | 40 sayfa : |
| Diğer fiziki detaylar | resimli; 21 cm. |
| 336 ## - İÇERİK TÜRÜ | |
| Content type term | metin |
| Content type code | txt |
| Source | rdacontent |
| 337 ## - MEDYA TÜRÜ | |
| Media type term | aracısız |
| Media type code | n |
| Source | rdamedia |
| 338 ## - TAŞIYICI TÜRÜ | |
| Carrier type term | cilt |
| Carrier type code | nc |
| Source | rdacarrier |
| 490 1# - DİZİ BİLDİRİMİ | |
| Dizi Bildirimi | TMMOB Elektrik Mühendisleri Odası Diyarbakır Şubesi Yayınları ; |
| Cilt Numarası | PN/2012/1 |
| 500 ## - GENEL NOT | |
| Genel Not | Cover on : "İletişim özgürlüğü (!)" paneli |
| 505 ## - İÇİNDEKİLER NOTU | |
| İçindekiler Notu | Tarık Öden (Elektrik Mühendisleri Odası) |
| 650 #0 - KONU BAŞLIĞI EK GİRİŞ - KONU TERİMİ | |
| Konusal terim veya coğrafi ad | Mass media--Political aspects--Turkey. |
| 9 (RLIN) | 11196 |
| 650 #0 - KONU BAŞLIĞI EK GİRİŞ - KONU TERİMİ | |
| Konusal terim veya coğrafi ad | Mass media--Social aspects--Turkey. |
| 9 (RLIN) | 43391 |
| 650 #0 - KONU BAŞLIĞI EK GİRİŞ - KONU TERİMİ | |
| Konusal terim veya coğrafi ad | Mass media policy--Turkey. |
| 9 (RLIN) | 42543 |
| 830 1# - SERİ EK GİRİŞİ - TEKBİÇİM ESER ADI | |
| Tekbiçim Başlık | TMMOB Elektrik Mühendisleri Odası Diyarbakır Şubesi Yayınları ; |
| Volume number/sequential designation | PN/2012/1 |
| 9 (RLIN) | 74725 |
| 907 ## - LOCAL DATA ELEMENT G, LDG (RLIN) | |
| a | Panel/Oturum |
| 942 ## - EK GİRİŞ ÖGELERİ (KOHA) | |
| Source of classification or shelving scheme | Library of Congress Classification |
| Koha item type | Book |
| 505 ## - İÇİNDEKİLER NOTU | |
| -- | Yrd Doç.Dr.Zeynep Özarslan (Beykent Üniversitesi Öğretim Üyesi) |
| -- | Yrd Doç. Dr. Barış Çoban (Yeni Yüzyıl Üniversitesi Öğretim Üyesi) |
| -- | Hayati Küçük (EMO Hukuk Müşaviri) |
| -- | Meral Danış Beştaş (BDP Eş Genel Başkan Yardımcısı) |
| Materyal Türü | Kalıcı Konum | Mevcut Konum | Raf Yeri | Sınıflandırma Kaynağı | Edinim Bilgisi | Ana Konular | Alt Konular | Yer Numarası | Demirbaş Numarası | Fatura Tarihi | Geri Çekilme Durumu | Kayıp Durumu | Hasarlı Durumu | Kredi için değil | Kayıt Tarih | Toplam Ödünçverme | Son Görülme Tarihi | Son Kontrol Tarihi | Genel / Bağış Notu |
|---|---|---|---|---|---|---|---|---|---|---|---|---|---|---|---|---|---|---|---|
| Book | Prof. Dr. Azmi Özcan Kütüphanesi | Prof. Dr. Azmi Özcan Kütüphanesi | Birûni Salonu | Library of Congress Classification | Bağış | DİL VE EDEBİYAT | Filoloji, Dilbilim | P95.82.T9 I44 2012 | 0040287 | 02/02/2026 | 10/05/2013 | 05/12/2024 | 05/12/2024 | Genel Bağış |
